Word Ladder Helper Quiz Stats

 Plays Quiz not verified by Sporcle

Score 0/12 Timer 04:00
0 Plays Today
Connector Two-Word Phrase % Correct
motemole note
92.1%
sealteal Sean
83.5%
ringrung king
63.9%
tilemile time
56.4%
sidesine aide
48.5%
soursoul tour
35.3%
galepale gala
34.6%
delldeli deal
34.2%
cordcold corn
33.1%
toreGore tome
22.6%
hirehive fire
18%
slamSpam slaw
12%

You're not logged in!

Compare scores with friends on all Sporcle quizzes.
Join for Free
OR
Log In

You Might Also Like...

Show Comments

Extras

Editor's Pick Feb 21, 2012ReportNominate
Tags:Word Ladder Quiz, 4-letter, flash, help, phrase

Top Quizzes Today


Score Distribution

Your Account Isn't Verified!

In order to create a playlist on Sporcle, you need to verify the email address you used during registration. Go to your Sporcle Settings to finish the process.

Report this User

Report this user for behavior that violates our Community Guidelines.

Details: